[Event "escc2023_65"]
[Site "?"]
[Date "2023.05.28"]
[Round "3.1"]
[White "Chapman, Terry P D"]
[Black "Nunn, John D M"]
[Result "1/2-1/2"]
[BlackElo "2579"]
[WhiteElo "2204"]
[LiveChessVersion "1.4.8"]

1. d4 {[%clk 1:30:58]} Nf6 {[%clk 1:30:51]} 2. c4 {[%clk 1:31:23]} g6
{[%clk 1:31:15]} 3. Nc3 {[%clk 1:31:49]} Bg7 {[%clk 1:31:40]} 4. e4
{[%clk 1:32:13]} d6 {[%clk 1:32:05]} 5. h3 {[%clk 1:32:29]} Nbd7 {[%clk 1:29:01]}
6. Be3 {[%clk 1:32:05]} e5 {[%clk 1:27:47]} 7. d5 {[%clk 1:31:06]} Nc5
{[%clk 1:27:16]} 8. Qc2 {[%clk 1:30:58]} a5 {[%clk 1:26:12]} 9. g4
{[%clk 1:26:18]} h5 {[%clk 1:15:23]} 10. g5 {[%clk 1:25:32]} Nh7 {[%clk 1:15:46]}
11. Nf3 {[%clk 1:19:15]} O-O {[%clk 1:14:38]} 12. Rg1 {[%clk 1:16:42]} c6
{[%clk 1:05:26]} 13. O-O-O {[%clk 1:03:10]} cxd5 {[%clk 1:04:44]} 14. cxd5
{[%clk 0:55:50]} Bd7 {[%clk 1:02:51]} 15. Bxc5 {[%clk 0:49:11]} dxc5
{[%clk 1:03:15]} 16. Kb1 {[%clk 0:48:06]} f6 {[%clk 0:59:24]} 17. gxf6
{[%clk 0:39:09]} Qxf6 {[%clk 0:59:20]} 18. Nd2 {[%clk 0:34:38]} Ng5
{[%clk 0:57:42]} 19. d6 {[%clk 0:32:12]} Ne6 {[%clk 0:45:09]} 20. Nd5
{[%clk 0:30:49]} Qxf2 {[%clk 0:45:04]} 21. Rg2 {[%clk 0:24:17]} Qf7
{[%clk 0:40:59]} 22. Ne7+ {[%clk 0:23:37]} Kh7 {[%clk 0:40:55]} 23. Bc4
{[%clk 0:18:36]} Qe8 {[%clk 0:38:52]} 24. Nxg6 {[%clk 0:10:13]} Nf4
{[%clk 0:27:17]} 25. Nxf4 {[%clk 0:08:30]} Rxf4 {[%clk 0:24:40]} 26. Rdg1
{[%clk 0:08:32]} Bh6 {[%clk 0:24:36]} 27. Qd3 {[%clk 0:06:15]} Be6
{[%clk 0:23:47]} 28. Bb5 {[%clk 0:03:23]} Qf8 {[%clk 0:20:38]} 29. d7
{[%clk 0:03:11]} 1/2-1/2

[Event "escc2023_65"]
[Site "?"]
[Date "2023.05.28"]
[Round "3.2"]
[White "Renman, Nils-Gustaf"]
[Black "Luciani, Carlo"]
[Result "1-0"]
[BlackElo "2197"]
[WhiteElo "2331"]
[LiveChessVersion "1.4.8"]

1. d4 {[%clk 1:30:59]} Nf6 {[%clk 1:30:49]} 2. Nf3 {[%clk 1:31:15]} g6
{[%clk 1:31:05]} 3. c4 {[%clk 1:31:40]} Bg7 {[%clk 1:31:12]} 4. Nc3
{[%clk 1:32:02]} d6 {[%clk 1:30:48]} 5. e4 {[%clk 1:32:06]} O-O {[%clk 1:31:03]}
6. Be2 {[%clk 1:32:16]} c5 {[%clk 1:30:40]} 7. d5 {[%clk 1:31:31]} Bg4
{[%clk 1:30:45]} 8. O-O {[%clk 1:31:05]} Nbd7 {[%clk 1:30:51]} 9. Bg5
{[%clk 1:26:27]} a6 {[%clk 1:30:55]} 10. Qd2 {[%clk 1:20:11]} Qa5
{[%clk 1:23:21]} 11. h3 {[%clk 1:15:44]} Bxf3 {[%clk 1:23:34]} 12. gxf3
{[%clk 1:15:35]} Rae8 {[%clk 1:20:58]} 13. a3 {[%clk 1:07:40]} e6
{[%clk 1:18:30]} 14. dxe6 {[%clk 1:07:04]} Rxe6 {[%clk 1:18:12]} 15. b4
{[%clk 0:58:41]} Qc7 {[%clk 1:11:36]} 16. Rac1 {[%clk 0:56:41]} Ne5
{[%clk 1:07:46]} 17. Nd5 {[%clk 0:55:09]} Qb8 {[%clk 1:00:09]} 18. Bxf6
{[%clk 0:50:56]} Rxf6 {[%clk 0:58:04]} 19. Nxf6+ {[%clk 0:46:08]} Bxf6
{[%clk 0:58:21]} 20. f4 {[%clk 0:38:14]} Nc6 {[%clk 0:57:55]} 21. bxc5
{[%clk 0:38:33]} dxc5 {[%clk 0:55:31]} 22. e5 {[%clk 0:38:51]} Be7
{[%clk 0:54:19]} 23. Qe3 {[%clk 0:35:24]} Nd4 {[%clk 0:54:04]} 24. Rb1
{[%clk 0:34:52]} Kh8 {[%clk 0:50:33]} 25. Bd3 {[%clk 0:33:05]} f6
{[%clk 0:48:56]} 26. Be4 {[%clk 0:29:10]} b5 {[%clk 0:48:29]} 27. Bd5
{[%clk 0:25:33]} Qc8 {[%clk 0:43:04]} 28. e6 {[%clk 0:21:05]} Qc7
{[%clk 0:41:20]} 29. Rfd1 {[%clk 0:19:45]} Bd6 {[%clk 0:36:54]} 30. Rxd4
{[%clk 0:19:56]} cxd4 {[%clk 0:36:52]} 31. Qxd4 {[%clk 0:20:20]} Bc5
{[%clk 0:35:27]} 32. Qd2 {[%clk 0:16:19]} Qd6 {[%clk 0:31:45]} 33. cxb5
{[%clk 0:14:46]} axb5 {[%clk 0:31:07]} 34. Rxb5 {[%clk 0:13:42]} Bxa3
{[%clk 0:27:58]} 35. Qc3 {[%clk 0:12:34]} Qe7 {[%clk 0:24:49]} 36. Rb7
{[%clk 0:11:13]} Qc5 {[%clk 0:24:25]} 37. Qxc5 {[%clk 0:10:48]} Bxc5
{[%clk 0:24:34]} 38. Bc6 {[%clk 0:11:15]} 1-0

[Event "escc2023_65"]
[Site "?"]
[Date "2023.05.28"]
[Round "3.3"]
[White "Kierzek, Matthias"]
[Black "Gaprindashvili, Nona"]
[Result "1-0"]
[BlackElo "2274"]
[WhiteElo "2163"]
[LiveChessVersion "1.4.8"]

1. d4 {[%clk 1:30:56]} c5 {[%clk 1:30:50]} 2. d5 {[%clk 1:31:18]} e5
{[%clk 1:31:18]} 3. e4 {[%clk 1:31:36]} d6 {[%clk 1:31:47]} 4. Bb5+
{[%clk 1:31:54]} Bd7 {[%clk 1:31:45]} 5. a4 {[%clk 1:32:16]} g6 {[%clk 1:32:05]}
6. Nc3 {[%clk 1:32:24]} Nh6 {[%clk 1:32:11]} 7. h4 {[%clk 1:31:50]} f6
{[%clk 1:32:32]} 8. h5 {[%clk 1:29:54]} g5 {[%clk 1:27:42]} 9. g4
{[%clk 1:26:59]} Be7 {[%clk 1:26:54]} 10. f3 {[%clk 1:25:51]} O-O
{[%clk 1:27:06]} 11. Bxd7 {[%clk 1:20:58]} Qxd7 {[%clk 1:27:09]} 12. Nge2
{[%clk 1:19:19]} Na6 {[%clk 1:26:44]} 13. Nb5 {[%clk 1:11:05]} c4
{[%clk 1:21:39]} 14. Be3 {[%clk 1:09:07]} b6 {[%clk 1:18:37]} 15. Nec3
{[%clk 0:51:11]} Rfc8 {[%clk 1:02:51]} 16. Qe2 {[%clk 0:49:52]} Nb4
{[%clk 0:43:35]} 17. Kf2 {[%clk 0:45:02]} a6 {[%clk 0:40:43]} 18. Na3
{[%clk 0:45:26]} Qc7 {[%clk 0:41:11]} 19. Kg3 {[%clk 0:40:21]} Nf7
{[%clk 0:40:39]} 20. Qf2 {[%clk 0:39:25]} Bd8 {[%clk 0:40:16]} 21. Qd2
{[%clk 0:28:44]} Qd7 {[%clk 0:38:14]} 22. Rhc1 {[%clk 0:25:09]} Rab8
{[%clk 0:37:17]} 23. Nd1 {[%clk 0:17:17]} Qxa4 {[%clk 0:25:04]} 24. Nxc4
{[%clk 0:17:28]} Qb5 {[%clk 0:25:04]} 25. Na3 {[%clk 0:17:09]} Qa4
{[%clk 0:16:27]} 26. c3 {[%clk 0:16:37]} a5 {[%clk 0:16:48]} 27. cxb4
{[%clk 0:16:28]} Rxc1 {[%clk 0:08:57]} 28. Rxc1 {[%clk 0:14:50]} axb4
{[%clk 0:09:16]} 29. Rc4 {[%clk 0:14:42]} b5 {[%clk 0:05:59]} 30. Rxb4
{[%clk 0:15:04]} Qa6 {[%clk 0:05:38]} 31. Nc3 {[%clk 0:14:58]} 1-0

[Event "escc2023_65"]
[Site "?"]
[Date "2023.05.28"]
[Round "3.4"]
[White "Rooze, Jan"]
[Black "Ubezio, Marco"]
[Result "1-0"]
[BlackElo "2112"]
[WhiteElo "2268"]
[LiveChessVersion "1.4.8"]

1. e4 {[%clk 1:30:56]} e5 {[%clk 1:30:54]} 2. Nf3 {[%clk 1:31:25]} Nf6
{[%clk 1:30:52]} 3. Nc3 {[%clk 1:28:53]} Nc6 {[%clk 1:30:35]} 4. Bb5
{[%clk 1:29:19]} Nd4 {[%clk 1:30:08]} 5. O-O {[%clk 1:29:12]} Nxb5
{[%clk 1:29:36]} 6. Nxb5 {[%clk 1:28:26]} Nxe4 {[%clk 1:26:47]} 7. Re1
{[%clk 1:08:40]} d5 {[%clk 1:14:29]} 8. d3 {[%clk 1:07:15]} Nd6 {[%clk 1:09:50]}
9. Nxe5 {[%clk 0:59:23]} Be7 {[%clk 1:06:25]} 10. Nd4 {[%clk 0:54:00]} O-O
{[%clk 1:06:27]} 11. Nec6 {[%clk 0:54:16]} bxc6 {[%clk 1:06:37]} 12. Nxc6
{[%clk 0:54:39]} Qd7 {[%clk 1:05:55]} 13. Nxe7+ {[%clk 0:54:55]} Kh8
{[%clk 1:06:20]} 14. Nxd5 {[%clk 0:53:58]} Bb7 {[%clk 1:01:21]} 15. Nc3
{[%clk 0:48:14]} Rae8 {[%clk 0:54:10]} 16. Bf4 {[%clk 0:40:15]} Rxe1+
{[%clk 0:39:03]} 17. Qxe1 {[%clk 0:40:36]} Qg4 {[%clk 0:39:24]} 18. Bg3
{[%clk 0:40:52]} Nf5 {[%clk 0:24:50]} 19. Qe5 {[%clk 0:30:47]} Bxg2
{[%clk 0:16:41]} 20. Kxg2 {[%clk 0:20:15]} Nh4+ {[%clk 0:17:01]} 21. Kf1
{[%clk 0:20:39]} Qh3+ {[%clk 0:15:07]} 22. Ke2 {[%clk 0:20:20]} Qg4+
{[%clk 0:15:29]} 23. Ke3 {[%clk 0:20:24]} Nf3 {[%clk 0:05:15]} 24. Qe4
{[%clk 0:18:42]} f5 {[%clk 0:04:09]} 25. Qxg4 {[%clk 0:18:47]} fxg4
{[%clk 0:04:38]} 26. Ne4 {[%clk 0:13:26]} h5 {[%clk 0:04:56]} 27. c4
{[%clk 0:12:25]} c6 {[%clk 0:03:58]} 28. Rh1 {[%clk 0:11:14]} g5 {[%clk 0:04:07]}
29. h3 {[%clk 0:10:33]} gxh3 {[%clk 0:04:09]} 30. Rxh3 {[%clk 0:10:48]} h4
{[%clk 0:04:32]} 31. Bxh4 {[%clk 0:10:56]} 1-0

[Event "escc2023_65"]
[Site "?"]
[Date "2023.05.28"]
[Round "3.5"]
[White "Furman, Boris"]
[Black "Pomes Marcet, Joan"]
[Result "0-1"]
[BlackElo "2239"]
[WhiteElo "2142"]
[LiveChessVersion "1.4.8"]

1. d4 {[%clk 1:30:56]} d5 {[%clk 1:30:52]} 2. c4 {[%clk 1:31:19]} c6
{[%clk 1:31:17]} 3. cxd5 {[%clk 1:31:43]} cxd5 {[%clk 1:31:40]} 4. Nc3
{[%clk 1:32:07]} Nc6 {[%clk 1:31:17]} 5. Bf4 {[%clk 1:32:28]} Nf6
{[%clk 1:31:34]} 6. e3 {[%clk 1:32:51]} Ne4 {[%clk 1:31:36]} 7. Bd3
{[%clk 1:28:22]} Nxc3 {[%clk 1:29:33]} 8. bxc3 {[%clk 1:28:46]} g6
{[%clk 1:29:14]} 9. Nf3 {[%clk 1:26:22]} Bg7 {[%clk 1:28:56]} 10. O-O
{[%clk 1:25:28]} O-O {[%clk 1:28:44]} 11. c4 {[%clk 1:23:03]} dxc4
{[%clk 1:22:39]} 12. Bxc4 {[%clk 1:22:24]} Bf5 {[%clk 1:18:01]} 13. Rc1
{[%clk 1:19:14]} Rc8 {[%clk 1:09:13]} 14. h3 {[%clk 1:07:05]} a6 {[%clk 1:07:31]}
15. Re1 {[%clk 1:04:24]} Na5 {[%clk 1:01:15]} 16. Bf1 {[%clk 1:01:37]} b5
{[%clk 0:49:33]} 17. e4 {[%clk 0:59:37]} Bd7 {[%clk 0:49:21]} 18. d5
{[%clk 0:58:24]} Qb6 {[%clk 0:45:24]} 19. Ne5 {[%clk 0:53:55]} Qd6
{[%clk 0:36:30]} 20. Nxd7 {[%clk 0:43:26]} Qxd7 {[%clk 0:36:54]} 21. Qd2
{[%clk 0:42:23]} Nc4 {[%clk 0:36:00]} 22. Bxc4 {[%clk 0:41:25]} bxc4
{[%clk 0:34:31]} 23. e5 {[%clk 0:40:49]} Rfd8 {[%clk 0:30:59]} 24. Red1
{[%clk 0:39:48]} Rc5 {[%clk 0:25:50]} 25. Qd4 {[%clk 0:28:08]} Rxd5
{[%clk 0:25:28]} 26. Qxd5 {[%clk 0:28:22]} Qxd5 {[%clk 0:25:52]} 27. Rxd5
{[%clk 0:28:47]} Rxd5 {[%clk 0:26:16]} 28. Rxc4 {[%clk 0:28:27]} Bxe5
{[%clk 0:26:35]} 29. Bxe5 {[%clk 0:27:14]} Rxe5 {[%clk 0:26:58]} 30. f4
{[%clk 0:26:16]} Rd5 {[%clk 0:26:27]} 31. Kf1 {[%clk 0:25:58]} h5
{[%clk 0:25:34]} 32. Ke2 {[%clk 0:22:37]} Kg7 {[%clk 0:23:34]} 33. g4
{[%clk 0:20:32]} hxg4 {[%clk 0:22:31]} 34. hxg4 {[%clk 0:20:57]} e6
{[%clk 0:22:49]} 35. g5 {[%clk 0:16:52]} e5 {[%clk 0:23:05]} 36. Ke3
{[%clk 0:16:22]} exf4+ {[%clk 0:22:58]} 37. Kxf4 {[%clk 0:16:39]} Kf8
{[%clk 0:22:18]} 38. Re4 {[%clk 0:15:06]} Ra5 {[%clk 0:17:59]} 39. a4
{[%clk 0:14:05]} Rc5 {[%clk 0:17:48]} 40. Rb4 {[%clk 0:12:22]} Rf5+
{[%clk 0:14:49]} 41. Kg4 {[%clk 0:12:46]} Kg7 {[%clk 0:09:48]} 42. Rb6
{[%clk 0:11:36]} Ra5 {[%clk 0:07:30]} 43. Rb4 {[%clk 0:11:53]} Rc5
{[%clk 0:07:53]} 44. Kf4 {[%clk 0:10:48]} a5 {[%clk 0:04:31]} 45. Rd4
{[%clk 0:08:38]} Kf8 {[%clk 0:02:08]} 46. Re4 {[%clk 0:07:27]} Rc3
{[%clk 0:22:40]} 47. Kg4 {[%clk 0:31:43]} Ra3 {[%clk 0:21:46]} 48. Kf4
{[%clk 0:30:12]} Rb3 {[%clk 0:22:06]} 49. Ke5 {[%clk 0:28:27]} Rf3
{[%clk 0:21:40]} 50. Kd6 {[%clk 0:25:53]} Rf5 {[%clk 0:21:46]} 51. Rg4
{[%clk 0:25:51]} f6 {[%clk 0:19:12]} 52. gxf6 {[%clk 0:24:56]} Kf7
{[%clk 0:19:17]} 53. Kc6 {[%clk 0:24:11]} Kxf6 {[%clk 0:19:28]} 54. Kb6
{[%clk 0:24:19]} g5 {[%clk 0:19:41]} 0-1

[Event "escc2023_65"]
[Site "?"]
[Date "2023.05.28"]
[Round "3.6"]
[White "Giacomini, Hector"]
[Black "Schulz, Michael"]
[Result "1/2-1/2"]
[BlackElo "2215"]
[WhiteElo "2126"]
[LiveChessVersion "1.4.8"]

1. Nf3 {[%clk 1:30:57]} g6 {[%clk 1:30:53]} 2. e3 {[%clk 1:31:20]} Bg7
{[%clk 1:31:17]} 3. d4 {[%clk 1:31:46]} Nf6 {[%clk 1:31:35]} 4. c4
{[%clk 1:32:05]} O-O {[%clk 1:31:55]} 5. Be2 {[%clk 1:32:30]} c5 {[%clk 1:32:14]}
6. dxc5 {[%clk 1:32:48]} Ne4 {[%clk 1:32:35]} 7. O-O {[%clk 1:32:39]} Nxc5
{[%clk 1:32:58]} 8. Nd4 {[%clk 1:32:37]} Nc6 {[%clk 1:33:06]} 9. Nc3
{[%clk 1:32:25]} d6 {[%clk 1:33:09]} 10. b3 {[%clk 1:30:40]} Ne6 {[%clk 1:33:26]}
11. Nxe6 {[%clk 1:29:57]} Bxe6 {[%clk 1:33:50]} 12. Bb2 {[%clk 1:30:15]} d5
{[%clk 1:33:21]} 13. cxd5 {[%clk 1:28:27]} Bxd5 {[%clk 1:33:12]} 14. Qxd5
{[%clk 1:24:36]} Qxd5 {[%clk 1:33:19]} 15. Nxd5 {[%clk 1:25:01]} Bxb2
{[%clk 1:33:42]} 16. Rad1 {[%clk 1:24:42]} e6 {[%clk 1:29:02]} 17. Nf4
{[%clk 1:24:53]} Rfd8 {[%clk 1:27:05]} 18. Rxd8+ {[%clk 1:23:59]} Rxd8
{[%clk 1:27:30]} 19. Rd1 {[%clk 1:24:24]} Rxd1+ {[%clk 1:26:39]} 20. Bxd1
{[%clk 1:24:49]} Ba3 {[%clk 1:25:51]} 21. Nd3 1/2-1/2

[Event "escc2023_65"]
[Site "?"]
[Date "2023.05.28"]
[Round "3.7"]
[White "Biro, Sandor"]
[Black "Koehler, Gerhard"]
[Result "1/2-1/2"]
[BlackElo "2205"]
[WhiteElo "2089"]
[LiveChessVersion "1.4.8"]

1. Nf3 {[%clk 1:30:56]} Nf6 {[%clk 1:30:41]} 2. b3 {[%clk 1:31:17]} g6
{[%clk 1:30:52]} 3. Bb2 {[%clk 1:31:40]} Bg7 {[%clk 1:31:10]} 4. g3
{[%clk 1:31:49]} O-O {[%clk 1:31:25]} 5. Bg2 {[%clk 1:32:12]} a5 {[%clk 1:31:26]}
6. a4 {[%clk 1:32:05]} d6 {[%clk 1:31:25]} 7. d4 {[%clk 1:28:47]} Nbd7
{[%clk 1:30:36]} 8. O-O {[%clk 1:26:21]} e5 {[%clk 1:29:38]} 9. dxe5
{[%clk 1:21:24]} Ng4 {[%clk 1:29:33]} 10. Nc3 {[%clk 1:18:00]} Ngxe5
{[%clk 1:29:21]} 11. Nd4 {[%clk 1:06:25]} Nc5 {[%clk 1:28:11]} 12. e4
{[%clk 0:57:57]} Bd7 {[%clk 1:24:15]} 13. Nd5 {[%clk 0:52:38]} Nc6
{[%clk 1:22:48]} 14. Nxc6 {[%clk 0:52:17]} Bxc6 {[%clk 1:18:35]} 15. Bxg7
{[%clk 0:52:40]} Kxg7 {[%clk 1:18:56]} 16. Qd4+ {[%clk 0:52:34]} f6
{[%clk 1:19:17]} 17. f4 {[%clk 0:49:22]} Bxd5 {[%clk 1:16:40]} 18. Qxd5
{[%clk 0:44:42]} Qe7 {[%clk 1:16:39]} 19. Rae1 {[%clk 0:43:27]} Rae8
{[%clk 1:13:19]} 20. h4 {[%clk 0:41:43]} h6 {[%clk 1:04:19]} 21. Bf3
{[%clk 0:38:01]} Kh7 {[%clk 0:53:33]} 22. Re2 {[%clk 0:37:49]} Qf7
{[%clk 0:51:20]} 23. Qd2 {[%clk 0:34:27]} b6 {[%clk 0:51:25]} 24. Rfe1
{[%clk 0:32:00]} Re7 {[%clk 0:51:01]} 25. h5 {[%clk 0:26:35]} Rfe8
{[%clk 0:50:22]} 26. Qd1 {[%clk 0:15:06]} g5 {[%clk 0:39:31]} 27. Bg4
{[%clk 0:14:56]} Kg7 {[%clk 0:37:56]} 28. fxg5 {[%clk 0:09:36]} hxg5
{[%clk 0:37:43]} 29. h6+ {[%clk 0:07:15]} Kh8 {[%clk 0:38:00]} 30. Qd4
{[%clk 0:05:55]} Re5 {[%clk 0:37:55]} 31. Bf5 {[%clk 0:04:36]} Qe7
{[%clk 0:37:55]} 32. Bg6 {[%clk 0:03:26]} Rg8 {[%clk 0:38:01]} 33. Bf5
{[%clk 0:03:22]} Qf7 {[%clk 0:38:00]} 34. Re3 {[%clk 0:01:41]} Rge8
{[%clk 0:37:51]} 35. c4 {[%clk 0:01:48]} Qh5 {[%clk 0:36:18]} 36. g4
{[%clk 0:01:32]} Qf7 {[%clk 0:36:25]} 37. Rf1 {[%clk 0:01:34]} Ne6
{[%clk 0:36:12]} 38. Qc3 {[%clk 0:00:42]} Nc5 {[%clk 0:35:42]} 39. Qd4
{[%clk 0:00:45]} Qe7 {[%clk 0:35:25]} 40. Bg6 {[%clk 0:01:02]} Rg8
{[%clk 0:35:42]} 41. Bf5 {[%clk 0:01:09]} Ne6 {[%clk 0:34:29]} 42. Qd1
{[%clk 0:25:12]} Nc5 {[%clk 1:02:01]} 43. Qf3 {[%clk 0:22:35]} Rf8
{[%clk 1:00:03]} 44. Rfe1 {[%clk 0:12:00]} Ne6 {[%clk 0:54:13]} 45. Qd1
{[%clk 0:09:45]} Nf4 {[%clk 0:48:22]} 46. Qd2 {[%clk 0:05:39]} Re8
{[%clk 0:44:57]} 47. Rf3 {[%clk 0:03:58]} Ne6 {[%clk 0:41:45]} 48. Ref1
{[%clk 0:03:49]} Nc5 {[%clk 0:35:54]} 49. Qd4 {[%clk 0:03:02]} Rg8
{[%clk 0:34:53]} 50. Re1 {[%clk 0:02:00]} Qf8 {[%clk 0:33:52]} 51. Kg2
{[%clk 0:01:32]} Qe7 {[%clk 0:33:55]} 52. Ref1 {[%clk 0:01:44]} Rf8
{[%clk 0:28:00]} 53. Kg3 {[%clk 0:00:58]} Nxe4+ {[%clk 0:21:57]} 54. Bxe4
{[%clk 0:01:22]} Rxe4 {[%clk 0:22:25]} 55. Rxf6 {[%clk 0:01:42]} Rxd4
{[%clk 0:22:42]} 56. Rxf8+ {[%clk 0:02:00]} Qxf8 {[%clk 0:23:02]} 57. Rxf8+
{[%clk 0:02:24]} Kh7 {[%clk 0:23:19]} 58. Rf7+ {[%clk 0:02:16]} Kxh6
{[%clk 0:23:46]} 59. Rxc7 {[%clk 0:02:36]} Rd3+ {[%clk 0:23:57]} 60. Kf2
{[%clk 0:02:58]} Rxb3 {[%clk 0:24:21]} 61. Rc6 {[%clk 0:03:16]} Rb4
{[%clk 0:22:52]} 62. Rxd6+ {[%clk 0:03:26]} Kg7 {[%clk 0:23:00]} 63. Rc6
{[%clk 0:02:17]} Kf7 {[%clk 0:20:30]} 64. Ke3 {[%clk 0:02:17]} Rxa4
{[%clk 0:20:32]} 65. Rxb6 {[%clk 0:02:22]} Rxc4 {[%clk 0:20:17]} 66. Rb5
{[%clk 0:02:15]} Rxg4 {[%clk 0:20:31]} 67. Rxa5 {[%clk 0:02:38]} Kg6
{[%clk 0:20:44]} 68. Kf3 {[%clk 0:02:48]} Rb4 {[%clk 0:20:56]} 69. Ra3
{[%clk 0:02:04]} Kh5 {[%clk 0:21:11]} 70. Ke4 1/2-1/2

[Event "escc2023_65"]
[Site "?"]
[Date "2023.05.28"]
[Round "3.8"]
[White "Ftacnik, Lubomir"]
[Black "Gal, Moshe"]
[Result "1-0"]
[BlackElo "2095"]
[WhiteElo "2456"]
[LiveChessVersion "1.4.8"]

1. Nf3 {[%clk 1:30:55]} c5 {[%clk 1:30:50]} 2. c4 {[%clk 1:31:14]} Nc6
{[%clk 1:31:13]} 3. Nc3 {[%clk 1:31:27]} e5 {[%clk 1:31:37]} 4. g3
{[%clk 1:29:19]} g6 {[%clk 1:30:01]} 5. Bg2 {[%clk 1:29:40]} Bg7 {[%clk 1:30:30]}
6. O-O {[%clk 1:28:47]} Nge7 {[%clk 1:30:54]} 7. Ne1 {[%clk 1:27:46]} O-O
{[%clk 1:29:56]} 8. Nc2 {[%clk 1:27:41]} d6 {[%clk 1:29:38]} 9. d3
{[%clk 1:24:33]} Rb8 {[%clk 1:27:18]} 10. Rb1 {[%clk 1:19:30]} f5
{[%clk 1:23:08]} 11. b4 {[%clk 1:12:26]} b6 {[%clk 1:17:09]} 12. Nd5
{[%clk 1:07:27]} h6 {[%clk 1:13:43]} 13. f4 {[%clk 0:58:35]} Kh7 {[%clk 1:10:50]}
14. Nxe7 {[%clk 0:53:18]} Nxe7 {[%clk 1:10:49]} 15. fxe5 {[%clk 0:53:06]} dxe5
{[%clk 1:03:41]} 16. bxc5 {[%clk 0:52:03]} Bb7 {[%clk 1:03:58]} 17. cxb6
{[%clk 0:40:20]} Bxg2 {[%clk 1:03:04]} 18. Kxg2 {[%clk 0:40:42]} Rxb6
{[%clk 1:01:40]} 19. Ba3 {[%clk 0:37:17]} f4 {[%clk 0:58:42]} 20. Rxb6
{[%clk 0:32:54]} axb6 {[%clk 0:56:37]} 21. e3 {[%clk 0:31:25]} fxe3
{[%clk 0:49:33]} 22. Bxe7 {[%clk 0:26:32]} Qxe7 {[%clk 0:47:43]} 23. Nxe3
{[%clk 0:21:04]} Ra8 {[%clk 0:46:55]} 24. Rf2 {[%clk 0:19:08]} e4
{[%clk 0:45:51]} 25. Nd5 {[%clk 0:16:41]} Qe5 {[%clk 0:42:34]} 26. dxe4
{[%clk 0:16:44]} Qxe4+ {[%clk 0:41:56]} 27. Qf3 {[%clk 0:17:06]} Qd4
{[%clk 0:41:57]} 28. Nf6+ {[%clk 0:17:01]} 1-0

[Event "escc2023_65"]
[Site "?"]
[Date "2023.05.28"]
[Round "3.9"]
[White "Kierzek, Mira"]
[Black "Fernandez Garcia, Jose Luis"]
[Result "0-1"]
[BlackElo "2370"]
[WhiteElo "1955"]
[LiveChessVersion "1.4.8"]

1. d4 {[%clk 1:30:38]} Nf6 {[%clk 1:29:52]} 2. Nf3 {[%clk 1:31:00]} d5
{[%clk 1:30:17]} 3. e3 {[%clk 1:31:04]} g6 {[%clk 1:30:31]} 4. Be2
{[%clk 1:29:23]} Bg7 {[%clk 1:30:54]} 5. O-O {[%clk 1:29:08]} O-O
{[%clk 1:31:17]} 6. b3 {[%clk 1:29:15]} c5 {[%clk 1:29:13]} 7. Bb2
{[%clk 1:29:18]} cxd4 {[%clk 1:20:11]} 8. exd4 {[%clk 1:27:09]} Nc6
{[%clk 1:20:18]} 9. Nbd2 {[%clk 1:24:46]} Bf5 {[%clk 1:20:28]} 10. Nh4
{[%clk 1:19:20]} Be6 {[%clk 1:19:03]} 11. Nhf3 {[%clk 1:15:38]} Rc8
{[%clk 1:18:28]} 12. c4 {[%clk 1:11:43]} Bf5 {[%clk 1:18:06]} 13. a3
{[%clk 1:08:21]} Ne4 {[%clk 1:15:49]} 14. c5 {[%clk 1:02:52]} Nxc5
{[%clk 1:14:07]} 15. Ra2 {[%clk 0:56:54]} Ne6 {[%clk 1:13:12]} 16. Nb1
{[%clk 0:52:13]} Bxb1 {[%clk 1:13:12]} 17. Qxb1 {[%clk 0:52:27]} Ncxd4
{[%clk 1:13:27]} 18. Nxd4 {[%clk 0:52:39]} Nxd4 {[%clk 1:13:48]} 19. Bd1
{[%clk 0:49:07]} e6 {[%clk 1:12:53]} 20. Qd3 {[%clk 0:49:00]} Nf5
{[%clk 1:13:05]} 21. g4 {[%clk 0:47:02]} Nh4 {[%clk 1:08:12]} 22. Bxg7
{[%clk 0:45:31]} Kxg7 {[%clk 1:08:34]} 23. Qd4+ {[%clk 0:45:37]} Qf6
{[%clk 1:08:58]} 24. Qxa7 {[%clk 0:44:15]} Nf3+ {[%clk 1:06:11]} 25. Kg2
{[%clk 0:44:10]} Rc3 {[%clk 1:06:22]} 26. h3 {[%clk 0:38:54]} Qf4
{[%clk 1:04:07]} 27. Rh1 {[%clk 0:38:43]} Nh4+ {[%clk 1:04:23]} 28. Kf1
{[%clk 0:32:54]} Rd3 {[%clk 0:53:04]} 29. Ra1 {[%clk 0:29:04]} Rc8
{[%clk 0:53:27]} 30. Qa5 {[%clk 0:24:10]} Qd4 {[%clk 0:50:09]} 0-1

[Event "escc2023_65"]
[Site "?"]
[Date "2023.05.28"]
[Round "3.10"]
[White "Pritchett, Craig W"]
[Black "Iudicello, Giovanni"]
[Result "0-1"]
[BlackElo "2081"]
[WhiteElo "2232"]
[LiveChessVersion "1.4.8"]

1. e4 {[%clk 1:30:49]} e5 {[%clk 1:30:50]} 2. Nf3 {[%clk 1:31:14]} Nc6
{[%clk 1:31:15]} 3. Bb5 {[%clk 1:31:40]} a6 {[%clk 1:31:39]} 4. Ba4
{[%clk 1:32:06]} Nf6 {[%clk 1:32:01]} 5. O-O {[%clk 1:32:03]} Be7
{[%clk 1:32:23]} 6. Re1 {[%clk 1:31:34]} b5 {[%clk 1:32:40]} 7. Bb3
{[%clk 1:31:57]} d6 {[%clk 1:33:04]} 8. c3 {[%clk 1:31:20]} O-O {[%clk 1:33:19]}
9. h3 {[%clk 1:30:57]} Na5 {[%clk 1:33:08]} 10. Bc2 {[%clk 1:31:05]} c5
{[%clk 1:33:26]} 11. d4 {[%clk 1:30:01]} Qc7 {[%clk 1:33:40]} 12. d5
{[%clk 1:28:12]} Bd7 {[%clk 1:29:02]} 13. b3 {[%clk 1:24:33]} Nb7
{[%clk 1:02:02]} 14. c4 {[%clk 1:20:55]} Rfb8 {[%clk 0:55:24]} 15. Nbd2
{[%clk 1:09:43]} Na5 {[%clk 0:53:02]} 16. Nh2 {[%clk 0:57:03]} bxc4
{[%clk 0:48:45]} 17. bxc4 {[%clk 0:57:23]} Rb4 {[%clk 0:46:39]} 18. Ba3
{[%clk 0:49:06]} Rb6 {[%clk 0:44:50]} 19. Nhf1 {[%clk 0:45:15]} Rab8
{[%clk 0:44:30]} 20. Ne3 {[%clk 0:45:01]} Nb7 {[%clk 0:38:01]} 21. Nf5
{[%clk 0:35:27]} Bf8 {[%clk 0:33:16]} 22. Qf3 {[%clk 0:27:55]} g6
{[%clk 0:31:48]} 23. Ng3 {[%clk 0:27:00]} Bg7 {[%clk 0:32:00]} 24. Nb3
{[%clk 0:24:18]} a5 {[%clk 0:25:28]} 25. Qd1 {[%clk 0:19:01]} Qc8
{[%clk 0:20:43]} 26. Nd2 {[%clk 0:18:09]} Qe8 {[%clk 0:20:05]} 27. Rb1
{[%clk 0:17:30]} Qd8 {[%clk 0:17:45]} 28. Ba4 {[%clk 0:14:31]} Bh6
{[%clk 0:13:20]} 29. Ngf1 {[%clk 0:10:01]} Rxb1 {[%clk 0:10:02]} 30. Nxb1
{[%clk 0:10:22]} Bxa4 {[%clk 0:08:32]} 31. Qxa4 {[%clk 0:10:47]} Qd7
{[%clk 0:06:40]} 32. Qc2 {[%clk 0:08:13]} Nh5 {[%clk 0:05:55]} 33. Nbd2
{[%clk 0:04:25]} Rf8 {[%clk 0:04:37]} 34. Rb1 {[%clk 0:03:57]} Nf4
{[%clk 0:04:34]} 35. Ng3 {[%clk 0:03:25]} f5 {[%clk 0:04:35]} 36. Ndf1
{[%clk 0:02:05]} Nd8 {[%clk 0:03:51]} 37. Rb8 {[%clk 0:01:44]} Nxh3+
{[%clk 0:03:38]} 38. gxh3 {[%clk 0:02:08]} f4 {[%clk 0:04:05]} 39. Bc1
{[%clk 0:01:07]} Qxh3 {[%clk 0:04:09]} 40. Rb3 {[%clk 0:00:55]} f3
{[%clk 0:04:15]} 41. Rxf3 {[%clk 0:28:16]} Rxf3 {[%clk 0:34:32]} 42. Bxh6
{[%clk 0:28:27]} Qxh6 {[%clk 0:34:45]} 43. Kg2 {[%clk 0:24:26]} Rf8
{[%clk 0:34:08]} 44. Nh2 {[%clk 0:21:50]} Qf4 {[%clk 0:33:48]} 45. f3
{[%clk 0:22:15]} Nf7 {[%clk 0:33:21]} 46. Ne2 {[%clk 0:22:16]} Qh4
{[%clk 0:32:26]} 47. Qa4 {[%clk 0:21:43]} Qe1 {[%clk 0:28:57]} 48. Ng1
{[%clk 0:21:57]} Qd2+ {[%clk 0:27:56]} 49. Kh1 {[%clk 0:22:24]} h5
{[%clk 0:27:12]} 50. Nf1 {[%clk 0:21:21]} Qe1 {[%clk 0:25:03]} 51. Nh2
{[%clk 0:21:12]} Rb8 {[%clk 0:18:09]} 52. Qc2 {[%clk 0:18:52]} Rb1
{[%clk 0:18:28]} 53. Qg2 {[%clk 0:19:17]} Kg7 {[%clk 0:17:54]} 0-1